Statistics for European Countries with Multiple Cities with Population Over One Million

Click here to take the quiz!

General Stats

  • This quiz has been taken 203 times
  • The average score is 11 of 11

Answer Stats

#Country% Correct
6France
100%
16Russia
100%
10United Kingdom
100%
10Germany
99%
4Italy
99%
5Spain
99%
2Poland
97%
2Netherlands
91%
5Ukraine
90%
2Belgium
87%
2Portugal
86%

Score Distribution

Percentile by Number Answered

Percent of People with Each Score

Your Score History

You have not taken this quiz